Desarrollo habitacional con enfoque bioclimático en el Marco del programa de vivienda social Bismarck Martínez, en el municipio de Granada en el período 2021-2023.
El presente trabajo consiste en la elaboración del desarrollo habitacional con enfoque bioclimático analizando las normas urbano-arquitectónicas de tipología de vivienda social, estudiando los modelos análogos nacionales e internacionales.
| Main Authors: | , , |
|---|---|
| Other Authors: | |
| Format: | Tesis Section = Libro |
| Language: | Undetermined Spanish |
| Published: |
Managua
UNI
2022
|
| Subjects: |
| LEADER | 01329nam a2200301Ia 4500 | ||
|---|---|---|---|
| 008 | 240830s9999 xx 000 0 und d | ||
| 040 | |a BIBLIOTECA-RUSB/ Mon 728.314 L961 | ||
| 041 | |a spa | ||
| 082 | |a Mon 728.314 L961 | ||
| 100 | 1 | |a Luna Padilla, Andrea Lucía | |
| 100 | 1 | |b Rodríguez Zamora, Guillermo Javier | |
| 100 | 1 | |c Cermeño Urbina, Marlon Enrique | |
| 245 | 1 | 0 | |a Desarrollo habitacional con enfoque bioclimático en el Marco del programa de vivienda social Bismarck Martínez, en el municipio de Granada en el período 2021-2023. |
| 260 | |a Managua |b UNI |c 2022 | ||
| 300 | |a 169 p. :il. | ||
| 500 | |a Contiene: anexos y CD. | ||
| 502 | |a Tesis (Arquitecto) - UNI, 2022. | ||
| 520 | 3 | |a El presente trabajo consiste en la elaboración del desarrollo habitacional con enfoque bioclimático analizando las normas urbano-arquitectónicas de tipología de vivienda social, estudiando los modelos análogos nacionales e internacionales. | |
| 650 | 7 | |a DISEÑO ARQUITECTONICO | |
| 650 | 7 | |b ARQUITECTURA BIOCLIMATICA | |
| 650 | 7 | |c ARQUITECTURA-DISEÑOS Y PLANOS | |
| 650 | 7 | |d EMPLAZAMIENTO DE CONSTRUCCIONES - VIVIENDAS | |
| 650 | 7 | |e VIVIENDA – SOCIAL – GRANADA | |
| 650 | 7 | |f ESTUDIO DE SITIO | |
| 700 | 1 | |a Tutor: |b Treminio Sandoval, Juan Pablo | |
| 942 | |c BK |2 ddc | ||
| 991 | |a TESIS | ||
| 999 | |c 22289 | ||